000 01053nam a22002537a 4500
005 20170124102953.0
010 _aB-140188
020 _c150.00
_a817970033
035 _aB-140188
037 _bCen Lib/Ret
040 _aDPL
_bHN
082 _a
_bमहाबी
100 _aमहावीर, महाबीर सिंह
_96826
245 _aलाडो /
_cमहाबीर सिंह महावीर
246 _aLaado /
_bby Mahabeer singh Mahaver
260 _aनयी दिल्ली
_bसमय प्रकाशन
_c2004
270 _bनयी दिल्ली
_aआई-1/16 , शान्तिमोहन हाउस, अंसारी रोड, दरयागंज
_e110002
300 _a176पृ.
_c20सेमी(सजिल्द )
650 _aहिंदी साहित्य
_x
_z
_952321
650 _aहिंदी कहानियां
_92082
650 _aHindi literature
_v
_952322
650 _aHindi stories
_952323
942 _2ddc
_cHN
_h
_mमहाबी
999 _c113458
_d113458